Market and furniture producttion in chamcar morn district phnom penh city, ទីផ្សារ និងផលិតកម្មគ្រឿងសង្ហារឹម៏( តុ ទូ គ្រែ សាឡុង) ក្នុងខ័ណ្ឌចំការមន រាជធានីភ្នំពេញ (Record no. 3177)

000 -LEADER
fixed length control field 00677nam a22001577a 4500
003 - CONTROL NUMBER IDENTIFIER
control field OSt
005 - DATE AND TIME OF LATEST TRANSACTION
control field 20151105150414.0
008 - FIXED-LENGTH DATA ELEMENTS--GENERAL INFORMATION
fixed length control field 151105b xxu||||| |||| 00| 0 eng d
040 ## - CATALOGING SOURCE
Transcribing agency RUA
082 ## - DEWEY DECIMAL CLASSIFICATION NUMBER
Classification number FOR BAN 1999 B126 Or.1
100 ## - MAIN ENTRY--PERSONAL NAME
9 (RLIN) 3405
Personal name BANN, SEREY VOUTH.
245 ## - TITLE STATEMENT
Title Market and furniture producttion in chamcar morn district phnom penh city, ទីផ្សារ និងផលិតកម្មគ្រឿងសង្ហារឹម៏( តុ ទូ គ្រែ សាឡុង) ក្នុងខ័ណ្ឌចំការមន រាជធានីភ្នំពេញ
260 ## - PUBLICATION, DISTRIBUTION, ETC. (IMPRINT)
Place of publication, distribution, etc. Phnom Penh
Name of publisher, distributor, etc. RUA
Date of publication, distribution, etc. 1999
300 ## - PHYSICAL DESCRIPTION
Extent 49p.
Other physical details ill.
Dimensions 29cm.
942 ## - ADDED ENTRY ELEMENTS (KOHA)
Source of classification or shelving scheme
Koha item type FOR
Holdings
Price effective from Date last seen Permanent Location Not for loan Date acquired Source of classification or shelving scheme Koha item type Lost status Withdrawn status Date last checked out Total Checkouts Shelving location Damaged status Barcode Current Location Full call number
2015-11-052024-09-16Library Block B 2015-11-05 FOR  2024-07-162B126 A080993Library Block BFOR BAN 1999 B126 Or.1
2015-11-052015-11-05Library Block B 2015-11-05 FOR    B126 RUA027674Library Block BFOR BAN 1999 B126 Or.2
2015-11-052015-11-05Library Block B 2015-11-05 FOR    B126 RUA027818Library Block BFOR BAN 1999 B126 Or.3
2015-11-052015-11-05Library Block B 2015-11-05 FOR    B126 RUA026856Library Block BFOR BAN 1999 B126 Or.4
មជ្ឈមណ្ឌលឯការនៃសាកលវិទ្យាល័យភូមិន្ទកសិកម្មចំការដូង

Powered by Koha